World’s Best Business Class Airlines 2025 - Statistics

General Stats
  • This quiz has been taken 162 times
  • The average score is 13 of 20
Answer Stats
Hint | Answer % Correct
11 Emirates
94%
2 Singapore Airlines
89%
5 Air France
87%
18 British Airways
87%
1 . Qatar Airways
87%
14 Delta Air Lines
84%
16 Lufthansa
81%
13 Qantas Airways
79%
15 Etihad Airways
74%
8 Japan Airlines
73%
3 ANA All Nippon Airways
66%
9 Turkish Airlines
63%
4 Cathay Pacific Airways
55%
17 Iberia
53%
12 EVA Air
45%
20 Saudia
44%
10 Virgin Atlantic
42%
19 Finnair
34%
6 Hainan Airlines
30%
7 STARLUX Airlines
24%
No matching quizzes found
Score Distribution
Percent of People with Each Score
Percentile by Number Answered
Your Score History
You have not taken this quiz